Asia Pacific Leather Fair (APLF) : Hong Kong 1999 directory.

Bibliographic Details
Format: Book
Published: Hong Kong: Asia Pacific Leather Fair, 1999.
Subjects:
LEADER 00403cam a2200121 7i4500
001 0000007759
005 20000706090000.0
090 0 0 |a I 338.7025   |b ASI 
245 0 0 |a Asia Pacific Leather Fair (APLF) :   |b Hong Kong 1999 directory. 
260 0 0 |a Hong Kong:   |b Asia Pacific Leather Fair,   |c 1999. 
300 # # |a 468 p. 
650 0 0 |a Leather --   |x Directories  
999 |a 0000011640  |b Directories  |c International  |e Business Information Centre